01132nam a2200289 a 450000100100000000500170001000800410002704000250006808200170009310000360011024500710014626000710021730000260028849000290031450000380034350000410038150500280042250500290045065000390047965000210051865000270053983000360056604900090060295201070061195201070071899900170082500002123720250305093321.0100902s1979 ag r 000 | spa d aDO-SdBNPbspacBNPHU a304.2bA853h1 aAstesano, Eduardod1937-94438513aHistoria ecológica y social de la humanidad /cEduardo Astesano. aSantafé de Bogotá, (Colombia) :bEdiciones Castañeda,c1979. a2 t. :bil. ;c23 cm.1 aDaniel Samper Ortega;v1 aIncluye notas al pie de páginas aIncluye referencias bibliográficas0 at.1 :gel mundo antiguo0 at.2 :gel mundo moderno. 4aEcología humanaxHistoria944386 0aECOLOGÍA99251 4aPaleoecología944387 0aDaniel Samper Ortega;v1944388 aBNGR 001050718MOaGRbGRcCTd2010-09-02iLF1l0ot.1p21237-10r2020-06-25w2020-06-25y1ZNo se presta 001050718MOaGRbGRcCTd2010-09-02iLF1l0ot.2p21237-20r2020-06-25w2020-06-25y1ZNo se presta c20738d20738